| 000 | 01925cam a22002174a 4500 | ||
|---|---|---|---|
| 005 | 20250605163436.0 | ||
| 008 | 250528s ||||||||||||||||||||||||d | ||
| 035 | _a19317 | ||
| 020 | _a9607745078 | ||
| 040 |
_aGR-AtMCL _bgre _dGR-AtMCL _eAACR2 |
||
| 245 | 1 | _aΣυμπεριφορά Καταναλωτή / Αρχές - Στρατηγικές - Εφαρμογές | |
| 250 | _a1η | ||
| 260 |
_bRosili, _c2003 |
||
| 300 | _a248 | ||
| 520 | _aΑυτό το βιβλίο αποσκοπεί αφ'ενός στην παρουσίαση σύγχρονων προσεγγίσεων στην μελέτη της καταναλωτικής συμπεριφοράς και, αφ'ετέρου, στην κάλυψη των ιδιαίτερων αναγκών των αναγνωστών οι οποίοι έχουν ως κύριο αντικείμενο το μάρκετινγκ. Πρόλογος, Γενικά Θέματα Συμπεριφοράς Καταναλωτή, Βασικές Έννοιες Συμπεριφοράς Καταναλωτή, Διαδικασία Λήψης Αγοραστικών Αποφάσεων, Αρχές και Μέθοδοι Τμηματοποίησης Καταναλωτών, Σύγχρονη Πολυκριτηριακή Ανάλυση Συμπεριφοράς Καταναλωτή, Μετά-Αγοραστική Καταναλωτική Συμπεριφορά, Καινοτομία και Συμπεριφορά Καταναλωτή, Ειδικά Θέματα Συμπεριφοράς Καταναλωτή, Προστασία Καταναλωτή, Συμπεριφορά Καταναλωτή και Λιανικό Εμπόριο, Μελέτες Πριπτώσεων, Ευρετήριο Πινάκων και Σχημάτων. | ||
| 700 | 1 | _aΜπάλτας Γεώργιος | |
| 700 | 1 | _aΠαπασταθοπούλου Πολίνα | |
| 942 | _cBK | ||
| 999 |
_c4577 _d4577 |
||